[Event "ISL-chT2 1617"]
[Site "Reykjavik"]
[Date "2017.03.04"]
[Round "6.3"]
[White "Karlsson, Jon Einar"]
[Black "Helgason, Jon Thor"]
[Result "0-1"]
[WhiteElo "1687"]
[BlackElo "1694"]
[PlyCount "74"]
[EventDate "2016.09.30"]
[EventType "team-tourn"]
[EventRounds "7"]
[EventCountry "ISL"]
[SourceTitle "EXT 2018"]
[Source "ChessBase"]
[SourceDate "2017.10.13"]
[SourceVersion "1"]
[SourceVersionDate "2017.10.13"]
[SourceQuality "1"]
[WhiteTeam "Reykjavik III"]
[BlackTeam "Hauka"]
[WhiteTeamCountry "ISL"]
[BlackTeamCountry "ISL"]

1. d4 d5 2. c4 e6 3. Nf3 Nf6 4. a3 b6 5. Nc3 Be7 6. Bf4 a6 7. Ne5 c5 8. e3 0-0 9. Bd3 dxc4 10. Bxc4 Bb7 11. 0-0 b5 12. Be2 c4 13. Bf3 Nd5 14. Nxd5 exd5 15. Bh5 Nd7 16. Qc2 Nf6 17. Bf3 Ne4 18. Bxe4 dxe4 19. f3 f5 20. Rad1 g5 21. Bg3 f4 22. exf4 gxf4 23. Be1 e3 24. Bc3 Qd5 25. Ba5 Bc8 26. g4 fxg3 27. hxg3 Bd6 28. Qe4 Qxe4 29. fxe4 Bxe5 30. Rxf8+ Kxf8 31. dxe5 Bg4 32. Rd4 Ke7 33. Bb4+ Ke6 34. Bd6 Ra7 35. Bc5 e2 36. Rd6+ Kxe5 37. Kf2 Rf7+ 0-1